[Event "DVM U10 2014"]
[Site "Magdeburg GER"]
[Date "2014.12.27"]
[Round "2"]
[White "Kahlsdorf, Hendrik"]
[Black "Tünte, Henning"]
[Result "1-0"]
[Termination "normal"]
[Board "18.2"]
[WhiteElo "1051"]
[BlackElo "918"]
[WhiteTeam "Braunschweiger SF"]
[BlackTeam "SG Turm Raesfeld/Erle"]
[PlyCount "65"]
[WhiteFideId "16201159"]
[EventCountry "GER"]
[EventRounds "7"]
[EventType "team-swiss"]
[EventDate "2014.12.27"]

1. e4 e5 2. Nf3 Nc6 3. d4 exd4 4. Nxd4 Bc5 5. Be3 Nf6 6. Nxc6 bxc6 7. Bxc5 Nxe4
8. Be3 O-O 9. Bd3 d5 10. Bxe4 dxe4 11. Qxd8 Rxd8 12. Nc3 f5 13. O-O Ba6 14.
Rfd1 g6 15. Rxd8+ Rxd8 16. Rd1 Rb8 17. b3 Rb4 18. Bxa7 Be2 19. Nxe2 Rb5 20. a4
Rb7 21. Bc5 Rb8 22. a5 Ra8 23. Ra1 Kf7 24. Nc3 Ke6 25. Kf1 Rd8 26. a6 f4 27. a7
Ra8 28. f3 e3 29. g3 g5 30. Ne4 Rd8 31. a8=Q Rd4 32. Qe8+ Kf5 33. g4# 1-0

[Event "DVM U10 2014"]
[Site "Magdeburg GER"]
[Date "2014.12.27"]
[Round "2"]
[White "Mühl, Sophia"]
[Black "Scheer, Simon"]
[Result "1-0"]
[Termination "normal"]
[Board "18.3"]
[WhiteElo "600"]
[BlackElo "940"]
[WhiteTeam "SG Turm Raesfeld/Erle"]
[BlackTeam "Braunschweiger SF"]
[PlyCount "73"]
[EventCountry "GER"]
[EventRounds "7"]
[EventType "team-swiss"]
[EventDate "2014.12.27"]

1. e4 d5 2. Nc3 Nf6 3. Bd3 Bg4 4. Nf3 Nc6 5. h3 Bxf3 6. Qxf3 Nd4 7. Bb5+ c6 8.
Qd3 Nxb5 9. Nxb5 cxb5 10. Qxb5+ Nd7 11. Qxd5 a6 12. Qxb7 Nc5 13. Qc6+ Qd7 14.
Qxa8+ Qd8 15. Qc6+ Nd7 16. Qxa6 g6 17. d4 Bg7 18. Qa7 O-O 19. O-O Nf6 20. e5
Ne4 21. Re1 Ng5 22. Bxg5 h6 23. Bxe7 Qe8 24. Bxf8 Qxf8 25. Rad1 f6 26. exf6
Bxf6 27. Qd7 Qf7 28. Qc8+ Kg7 29. Re8 h5 30. g4 h4 31. d5 Kh6 32. d6 Kg7 33. d7
Kh6 34. Rf8 Qg7 35. g5+ Bxg5 36. Rh8+ Qxh8 37. Qxh8# 1-0

[Event "DVM U10 2014"]
[Site "Magdeburg GER"]
[Date "2014.12.27"]
[Round "2"]
[White "Bangura, Benjamin"]
[Black "Marks, Gerrit Johann"]
[Result "1/2-1/2"]
[Termination "normal"]
[Board "18.4"]
[WhiteElo "843"]
[BlackElo "600"]
[WhiteTeam "Braunschweiger SF"]
[BlackTeam "SG Turm Raesfeld/Erle"]
[PlyCount "111"]
[EventCountry "GER"]
[EventRounds "7"]
[EventType "team-swiss"]
[EventDate "2014.12.27"]

1. e4 e5 2. Nf3 Nc6 3. Nc3 Bc5 4. Bb5 d6 5. O-O Bg4 6. h3 Bxf3 7. Qxf3 Nf6 8.
d3 a6 9. Bc4 h6 10. Be3 Bxe3 11. Qxe3 O-O 12. Bd5 Rb8 13. Bxc6 bxc6 14. Rab1 a5
15. d4 exd4 16. Qxd4 c5 17. Qe3 c6 18. e5 dxe5 19. Qxe5 Qd4 20. Qc7 Ne4 21.
Nxe4 Qxe4 22. Qxa5 Qb4 23. Qxb4 cxb4 24. a3 bxa3 25. bxa3 Rxb1 26. Rxb1 Ra8 27.
Rb3 c5 28. Rb5 c4 29. Rc5 Rxa3 30. Rxc4 Ra1+ 31. Kh2 g5 32. Rc8+ Kg7 33. Kg3 f5
34. Rc7+ Kg6 35. f4 Rf1 36. fxg5 Kxg5 37. Rg7+ Kf6 38. Rc7 Kg5 39. c4 f4+ 40.
Kh2 f3 41. gxf3 Rxf3 42. Rc5+ Kh4 43. Re5 Rf2+ 44. Kg1 Rc2 45. c5 Kg3 46. Kf1
h5 47. -- h4 48. Re3+ Kf4 49. Re8 Kf3 50. c6 Rxc6 51. Rf8+ Kg3 52. Kg1 Rc1+ 53.
Rf1 Rxf1+ 54. Kxf1 Kxh3 55. Kg1 Kg3 56. Kh1 1/2-1/2

[Event "DVM U10 2014"]
[Site "Magdeburg GER"]
[Date "2014.12.27"]
[Round "2"]
[White "Sawadski, Nikolas"]
[Black "Lindner, Ben"]
[Result "0-1"]
[Termination "normal"]
[Board "19.1"]
[WhiteElo "1175"]
[BlackElo "949"]
[WhiteTeam "Heilbronner SV"]
[BlackTeam "BSG Grün-Weiß Leipzig 2"]
[PlyCount "120"]
[WhiteFideId "16261585"]
[BlackFideId "16214552"]
[EventCountry "GER"]
[EventRounds "7"]
[EventType "team-swiss"]
[EventDate "2014.12.27"]

1. e4 e5 2. Nf3 Nc6 3. Bc4 Bc5 4. Nc3 Nf6 5. d3 h6 6. O-O d6 7. Be3 Bg4 8. a3
Bd4 9. Bb5 a6 10. Bxc6+ bxc6 11. a4 Bxe3 12. fxe3 Rb8 13. b3 Qd7 14. Rf2 Bh5
15. Qd2 Bxf3 16. Rxf3 Qg4 17. Rg3 Qh4 18. Rh3 Qg5 19. Qf2 Ng4 20. Qf3 f6 21.
Rg3 h5 22. d4 exd4 23. exd4 Qd2 24. e5 Qxd4+ 25. Kh1 dxe5 26. Qf5 Nf2+ 27. Kg1
Ne4+ 28. Kf1 Nxg3+ 29. hxg3 Qxc3 30. Qe6+ Kf8 31. Rd1 Re8 32. Qd7 Qxg3 33. Qxc7
Qf4+ 34. Kg1 Kg8 35. Rd7 Rh7 36. Qxc6 Qe3+ 37. Kh2 Qf4+ 38. Kg1 Qf5 39. Rxg7+
Kxg7 40. Qxe8 Qg6 41. Qd7+ Qf7 42. Qc6 Qg6 43. Qxa6 Qxc2 44. Qb7+ Kg6 45. Qb6
Qc3 46. a5 Qd4+ 47. Kh2 Qxb6 48. axb6 Rb7 49. g4 hxg4 50. Kg3 Rxb6 51. Kxg4
Rxb3 52. Kh4 Rb4+ 53. Kg3 Kg5 54. Kf3 e4+ 55. Ke3 f5 56. Kf2 f4 57. Ke2 Rb2+
58. Kf1 e3 59. Ke1 f3 60. Kf1 Rb1# 0-1

[Event "DVM U10 2014"]
[Site "Magdeburg GER"]
[Date "2014.12.27"]
[Round "2"]
[White "Wittig, Georg"]
[Black "Sawadski, Leonard"]
[Result "0-1"]
[Termination "normal"]
[Board "19.2"]
[WhiteElo "942"]
[BlackElo "922"]
[WhiteTeam "BSG Grün-Weiß Leipzig 2"]
[BlackTeam "Heilbronner SV"]
[PlyCount "86"]
[WhiteFideId "16266366"]
[BlackFideId "16261607"]
[EventCountry "GER"]
[EventRounds "7"]
[EventType "team-swiss"]
[EventDate "2014.12.27"]

1. e4 e5 2. Nf3 Nc6 3. d4 d6 4. dxe5 Bd7 5. exd6 Bxd6 6. Be3 Nf6 7. Bd3 O-O 8.
Nc3 Ng4 9. Nd5 Nxe3 10. Nxe3 Qf6 11. Nc4 Qg6 12. e5 Qxg2 13. Rg1 Qh3 14. exd6
Rfe8+ 15. Be2 Qxf3 16. dxc7 Nd4 17. Ne3 Qf4 18. c3 Nxe2 19. Qxe2 Qxh2 20. O-O-O
Qxc7 21. Nd5 Qd8 22. Qc4 Rc8 23. Qf4 Re6 24. Qg3 Rg6 25. Qh2 Rcc6 26. Rde1 Kh8
27. Ne7 Rxg1 28. Qxg1 Re6 29. Nf5 Rxe1+ 30. Qxe1 Bxf5 31. Qe5 Qg5+ 32. Kd1 Bg4+
33. Qe2 Bxe2+ 34. Kxe2 h5 35. b4 h4 36. c4 h3 37. c5 h2 38. b5 h1=Q 39. c6 bxc6
40. bxc6 Qxc6 41. f3 Qg2+ 42. Kd1 Qcc2+ 43. Ke1 Qcd2# 0-1

[Event "DVM U10 2014"]
[Site "Magdeburg GER"]
[Date "2014.12.27"]
[Round "2"]
[White "Hagenmeyer, Felix"]
[Black "Güldenpfennig, Carl"]
[Result "1-0"]
[Termination "normal"]
[Board "19.3"]
[WhiteElo "928"]
[BlackElo "850"]
[WhiteTeam "Heilbronner SV"]
[BlackTeam "BSG Grün-Weiß Leipzig 2"]
[PlyCount "35"]
[WhiteFideId "34612572"]
[EventCountry "GER"]
[EventRounds "7"]
[EventType "team-swiss"]
[EventDate "2014.12.27"]

1. e4 e5 2. Nf3 Nc6 3. Bc4 Bc5 4. b4 Bxb4 5. c3 Bc5 6. d4 exd4 7. Nxd4 Nxd4 8.
cxd4 Bb4+ 9. Nd2 Nf6 10. a3 Bc3 11. Rb1 Nxe4 12. Qf3 O-O 13. Qxe4 Re8 14. Qxe8+
Qxe8+ 15. Kf1 Bxd2 16. Bxd2 Qe4 17. Re1 Qxd4 18. Re8# 1-0

[Event "DVM U10 2014"]
[Site "Magdeburg GER"]
[Date "2014.12.27"]
[Round "2"]
[White "Feilhauer, Jannick"]
[Black "Hagenmeyer, Jannis"]
[Result "1-0"]
[Termination "normal"]
[Board "19.4"]
[WhiteElo "600"]
[BlackElo "780"]
[WhiteTeam "BSG Grün-Weiß Leipzig 2"]
[BlackTeam "Heilbronner SV"]
[PlyCount "107"]
[WhiteFideId "16266358"]
[BlackFideId "34612580"]
[EventCountry "GER"]
[EventRounds "7"]
[EventType "team-swiss"]
[EventDate "2014.12.27"]

1. e4 e5 2. Nf3 Nc6 3. Bb5 Bc5 4. Bxc6 bxc6 5. O-O Ba6 6. d3 Nf6 7. c4 O-O 8.
Qe2 Rb8 9. b3 Bd4 10. Bb2 Bxb2 11. Qxb2 Ng4 12. h3 Nf6 13. Nxe5 d6 14. Nf3 d5
15. e5 Nd7 16. Nbd2 f6 17. exf6 Nxf6 18. Qc3 c5 19. Ne5 Bb7 20. b4 d4 21. Qa3
Ra8 22. bxc5 Nd7 23. Nxd7 Qg5 24. g3 Qxd2 25. Rfe1 Qh6 26. h4 Qd2 27. Rf1 Rfd8
28. Ne5 Qe2 29. c6 Qxe5 30. cxb7 Rab8 31. Qxa7 Qd5 32. cxd5 Re8 33. Rae1 Red8
34. Re7 c5 35. Rfe1 Kf8 36. a4 c4 37. dxc4 d3 38. Kf1 d2 39. Ke2 dxe1=Q+ 40.
Kxe1 Kxe7 41. a5 Kd7 42. c5 Kc7 43. Qb6+ Kd7 44. c6+ Kd6 45. c7+ Kd7 46.
cxd8=Q+ Rxd8 47. b8=Q Rxb8 48. Qxb8 Ke7 49. Qb6 Kf7 50. a6 g5 51. a7 gxh4 52.
a8=Q Kg7 53. Qaa7+ Kh8 54. Qbb8# 1-0

[Event "DVM U10 2014"]
[Site "Magdeburg GER"]
[Date "2014.12.27"]
[Round "2"]
[White "Wilhelm, Anna-Lena"]
[Black "Shevchenko, Alyona"]
[Result "0-1"]
[Termination "normal"]
[Board "20.1"]
[WhiteElo "864"]
[BlackElo "1019"]
[WhiteTeam "SG Blau-Weiß Stadtilm 2"]
[BlackTeam "Karlsruher SF 1853"]
[PlyCount "71"]
[WhiteFideId "16230094"]
[BlackFideId "12983420"]
[EventCountry "GER"]
[EventRounds "7"]
[EventType "team-swiss"]
[EventDate "2014.12.27"]

1. e4 e5 2. Nf3 Nc6 3. Bc4 Bc5 4. Nc3 Nf6 5. d3 h6 6. Be3 Bxe3 7. fxe3 O-O 8.
d4 d6 9. Qd2 Bg4 10. h3 Bxf3 11. gxf3 Nd7 12. O-O-O Qf6 13. d5 Na5 14. Bb5 c6
15. dxc6 bxc6 16. Nd5 Qd8 17. Ba4 cxd5 18. Qxd5 Rb8 19. Qxd6 Nb6 20. Qxe5 Qg5
21. Qc7 Nxa4 22. Rhg1 Qxe3+ 23. Kb1 Rxb2+ 24. Ka1 Nb7 25. h4 Qxf3 26. Qc4 Qa3
27. e5 Na5 28. Qd5 Rxc2 29. Rb1 Nc3 30. Rgc1 Nxd5 31. Rxc2 Qg3 32. h5 Qxe5+ 33.
Rbb2 Qxh5 34. Rc5 Qd1+ 35. Rb1 Qd4+ 36. Rc3 0-1

[Event "DVM U10 2014"]
[Site "Magdeburg GER"]
[Date "2014.12.27"]
[Round "2"]
[White "Kiefhaber, Julius"]
[Black "Gölitz, Lia"]
[Result "1-0"]
[Termination "normal"]
[Board "20.2"]
[WhiteElo "930"]
[BlackElo "850"]
[WhiteTeam "Karlsruher SF 1853"]
[BlackTeam "SG Blau-Weiß Stadtilm 2"]
[PlyCount "33"]
[WhiteFideId "16245121"]
[BlackFideId "16230116"]
[EventCountry "GER"]
[EventRounds "7"]
[EventType "team-swiss"]
[EventDate "2014.12.27"]

1. e4 e5 2. Nf3 Nc6 3. Bc4 Bc5 4. c3 Nf6 5. d4 exd4 6. cxd4 d5 7. exd5 Nxd5 8.
O-O Be6 9. Bg5 Nde7 10. dxc5 Qd7 11. Bxe7 Nxe7 12. Bxe6 Qxe6 13. Re1 Qg4 14.
Qe2 O-O 15. Qxe7 Rfe8 16. Qxe8+ Rxe8 17. Rxe8# 1-0

[Event "DVM U10 2014"]
[Site "Magdeburg GER"]
[Date "2014.12.27"]
[Round "2"]
[White "Möschwitzer, Luis"]
[Black "Holubek, Oliver"]
[Result "1-0"]
[Termination "normal"]
[Board "20.3"]
[WhiteElo "798"]
[BlackElo "989"]
[WhiteTeam "SG Blau-Weiß Stadtilm 2"]
[BlackTeam "Karlsruher SF 1853"]
[PlyCount "63"]
[EventCountry "GER"]
[EventRounds "7"]
[EventType "team-swiss"]
[EventDate "2014.12.27"]

1. e4 e5 2. Nf3 Nc6 3. Nc3 Nf6 4. Bc4 Bc5 5. d3 h6 6. Be3 Bb6 7. Qd2 d6 8. h3
Be6 9. Bb3 O-O 10. O-O-O Bxe3 11. fxe3 Qd7 12. Rhg1 Rad8 13. d4 exd4 14. exd4
Rfe8 15. d5 Bxd5 16. exd5 Nb4 17. a3 Na6 18. g4 c6 19. dxc6 bxc6 20. Bc4 Nc5
21. g5 Nfe4 22. Nxe4 Nxe4 23. Qd4 hxg5 24. Nxg5 Nxg5 25. Rxg5 g6 26. Rxg6+ Kf8
27. Qh8+ Ke7 28. Re1+ Qe6 29. Rexe6+ Kd7 30. Rxd6+ Ke7 31. Qf6+ Kf8 32. Qxf7#
1-0

[Event "DVM U10 2014"]
[Site "Magdeburg GER"]
[Date "2014.12.27"]
[Round "2"]
[White "Kiefhaber, Marlene"]
[Black "Langer, Paul Georg"]
[Result "0-1"]
[Termination "normal"]
[Board "20.4"]
[WhiteElo "865"]
[BlackElo "789"]
[WhiteTeam "Karlsruher SF 1853"]
[BlackTeam "SG Blau-Weiß Stadtilm 2"]
[PlyCount "76"]
[BlackFideId "16230051"]
[EventCountry "GER"]
[EventRounds "7"]
[EventType "team-swiss"]
[EventDate "2014.12.27"]

1. e4 e5 2. Nf3 Nc6 3. Bc4 Bc5 4. O-O Nf6 5. Ng5 O-O 6. Nf3 d6 7. d3 Be6 8.
Bxe6 fxe6 9. Bg5 h6 10. Bh4 Nd4 11. Nbd2 Qe7 12. Nb3 Bb6 13. Nfd2 Nxb3 14. Nxb3
Rf7 15. Re1 Raf8 16. Re2 Qd7 17. Rd2 Ne8 18. Qf1 a5 19. Re1 a4 20. Ree2 axb3
21. axb3 Ba5 22. c3 Nf6 23. Bxf6 Rxf6 24. b4 Bb6 25. c4 c5 26. bxc5 Bxc5 27. d4
exd4 28. f3 d3+ 29. Rf2 Bxf2+ 30. Qxf2 Qa4 31. Rxd3 Qxc4 32. Rd4 Qc5 33. f4 e5
34. fxe5 Rxf2 35. h3 Rf1+ 36. Kh2 Qxe5+ 37. g3 Qxd4 38. e5 Qf2# 0-1

[Event "DVM U10 2014"]
[Site "Magdeburg GER"]
[Date "2014.12.27"]
[Round "2"]
[White "Meurer, Calvin"]
[Black "Müller, Richard"]
[Result "0-1"]
[Termination "normal"]
[Board "21.1"]
[WhiteElo "946"]
[BlackElo "1187"]
[WhiteTeam "SV Roter Turm Halle 2"]
[BlackTeam "ESV Nickelhütte Aue"]
[PlyCount "78"]
[WhiteFideId "12963364"]
[EventCountry "GER"]
[EventRounds "7"]
[EventType "team-swiss"]
[EventDate "2014.12.27"]

1. d4 d5 2. Nc3 Bf5 3. Bf4 e6 4. Nf3 Nf6 5. e3 Bb4 6. Bb5+ Nc6 7. Ne5 O-O 8.
Bxc6 Ne4 9. O-O Nxc3 10. bxc3 Bxc3 11. Rb1 bxc6 12. Nxc6 Qd7 13. Nb4 Qa4 14.
Nd3 Qxa2 15. Rb3 Ba5 16. c3 Bxd3 17. Qa1 Qxb3 18. Rd1 Bxc3 19. Qc1 Bc2 20. Rf1
Rab8 21. h3 Bd3 22. Rd1 Qb1 23. Qxb1 Rxb1 24. Rxb1 Bxb1 25. Bxc7 a5 26. Bd6 Rc8
27. Ba3 Bb4 28. Bxb4 axb4 29. g4 Be4 30. f3 Bxf3 31. Kf2 Bxg4 32. hxg4 b3 33.
Kf3 b2 34. Kg3 b1=Q 35. Kg2 Qe4+ 36. Kh3 Rc3 37. Kh4 Rxe3 38. Kh5 Rh3+ 39. Kg5
f6# 0-1

[Event "DVM U10 2014"]
[Site "Magdeburg GER"]
[Date "2014.12.27"]
[Round "2"]
[White "Fahsel, Hannes"]
[Black "Mielewsky, Karl-Josef"]
[Result "1-0"]
[Termination "normal"]
[Board "21.2"]
[WhiteElo "988"]
[BlackElo "857"]
[WhiteTeam "ESV Nickelhütte Aue"]
[BlackTeam "SV Roter Turm Halle 2"]
[PlyCount "81"]
[EventCountry "GER"]
[EventRounds "7"]
[EventType "team-swiss"]
[EventDate "2014.12.27"]

1. e4 e5 2. Nf3 Nc6 3. Bc4 Nf6 4. d3 Bc5 5. c3 O-O 6. O-O d6 7. Bb3 Bg4 8. Nbd2
Nh5 9. h3 Bxh3 10. gxh3 Qf6 11. Kh1 Nf4 12. Kh2 Qh6 13. Ng1 Nxd3 14. Ndf3 Qh5
15. Qxd3 b5 16. Bd1 Kh8 17. Nd4 Qh4 18. Nxc6 f5 19. Nf3 Qh5 20. Nfxe5 Qh4 21.
Nd7 Rf7 22. Nxc5 Rf6 23. exf5 dxc5 24. Qf3 Raf8 25. Qg4 Qxg4 26. hxg4 Rxc6 27.
Re1 b4 28. Ba4 Rd6 29. Be3 bxc3 30. Bxc5 Rh6+ 31. Kg3 Rd8 32. bxc3 Rd3+ 33. f3
g6 34. Re8+ Kg7 35. Bd4+ Kf7 36. Rae1 gxf5 37. R1e7+ Kg6 38. Bc2 Rd2 39. Bxf5+
Kg5 40. Be3+ Kf6 41. Bxh6 1-0

[Event "DVM U10 2014"]
[Site "Magdeburg GER"]
[Date "2014.12.27"]
[Round "2"]
[White "Adelmeyer, Nelly"]
[Black "Schurig, Tom"]
[Result "0-1"]
[Termination "normal"]
[Board "21.3"]
[WhiteElo "753"]
[BlackElo "600"]
[WhiteTeam "SV Roter Turm Halle 2"]
[BlackTeam "ESV Nickelhütte Aue"]
[PlyCount "36"]
[BlackFideId "16203577"]
[EventCountry "GER"]
[EventRounds "7"]
[EventType "team-swiss"]
[EventDate "2014.12.27"]

1. e4 e5 2. Nf3 d6 3. Bb5+ Bd7 4. Bxd7+ Nxd7 5. O-O Ngf6 6. Nc3 Be7 7. d3 O-O
8. Bg5 h6 9. Bh4 Nb6 10. d4 Nfd7 11. Nd5 Nxd5 12. exd5 Bxh4 13. Nxh4 Qxh4 14.
dxe5 Nxe5 15. Re1 Ng4 16. h3 Qxf2+ 17. Kh1 Ne3 18. Qd4 Qxg2# 0-1

[Event "DVM U10 2014"]
[Site "Magdeburg GER"]
[Date "2014.12.27"]
[Round "2"]
[White "Schröter, Lucas"]
[Black "Kemper, Matti"]
[Result "0-1"]
[Termination "normal"]
[Board "21.4"]
[WhiteElo "955"]
[BlackElo "600"]
[WhiteTeam "ESV Nickelhütte Aue"]
[BlackTeam "SV Roter Turm Halle 2"]
[PlyCount "28"]
[EventCountry "GER"]
[EventRounds "7"]
[EventType "team-swiss"]
[EventDate "2014.12.27"]

1. e4 e5 2. Nf3 Nc6 3. Bb5 Bc5 4. Bxc6 dxc6 5. Nxe5 Qf6 6. Nd3 Bb6 7. e5 Qh4 8.
Nc3 Bg4 9. Ne2 Bf5 10. Nef4 Bxd3 11. Nxd3 Rd8 12. O-O Nh6 13. b3 Ng4 14. g3
Qxh2# 0-1

[Event "DVM U10 2014"]
[Site "Magdeburg GER"]
[Date "2014.12.27"]
[Round "2"]
[White "Tabarelli, Tom"]
[Black "Karl, Simon"]
[Result "0-1"]
[Termination "normal"]
[Board "22.1"]
[WhiteElo "760"]
[BlackElo "1191"]
[WhiteTeam "SF Hettstedt"]
[BlackTeam "SK Langen"]
[PlyCount "84"]
[BlackFideId "16217985"]
[EventCountry "GER"]
[EventRounds "7"]
[EventType "team-swiss"]
[EventDate "2014.12.27"]

1. d4 g6 2. e4 Bg7 3. Nc3 d6 4. Bc4 Nf6 5. Nf3 O-O 6. O-O Nc6 7. Bg5 Bg4 8. Be2
Qe8 9. Nd5 Nxe4 10. Nxc7 Qd7 11. Nxa8 Bxf3 12. Bxf3 Nxg5 13. Bg4 e6 14. d5 Rxa8
15. dxc6 Qxc6 16. Qd2 Ne4 17. Qe3 Bxb2 18. Rab1 Be5 19. Bf3 d5 20. Rbc1 Bf6 21.
c4 Bg5 22. Qe2 Bxc1 23. Rxc1 Nf6 24. Qf1 Qa6 25. cxd5 Qxf1+ 26. Rxf1 Nxd5 27.
Rb1 b6 28. Rd1 Rc8 29. a4 Rc4 30. Ra1 Nc3 31. Bd1 Nxd1 32. Rxd1 Rxa4 33. h3 Rc4
34. g4 a5 35. f3 b5 36. g5 b4 37. Rd8+ Kg7 38. Ra8 Rc5 39. h4 Rb5 40. f4 b3 41.
f5 exf5 42. h5 gxh5 0-1

[Event "DVM U10 2014"]
[Site "Magdeburg GER"]
[Date "2014.12.27"]
[Round "2"]
[White "Riegel, Simon"]
[Black "Lehmann, Taylor"]
[Result "1-0"]
[Termination "normal"]
[Board "22.2"]
[WhiteElo "952"]
[BlackElo "786"]
[WhiteTeam "SK Langen"]
[BlackTeam "SF Hettstedt"]
[PlyCount "33"]
[WhiteFideId "34628410"]
[BlackFideId "16240642"]
[EventCountry "GER"]
[EventRounds "7"]
[EventType "team-swiss"]
[EventDate "2014.12.27"]

1. e4 e5 2. Nf3 Nc6 3. Bb5 a6 4. Bxc6 dxc6 5. O-O Bg4 6. h3 Bxf3 7. Qxf3 Qd4 8.
c3 Qc5 9. b4 Qd6 10. Na3 Qg6 11. Nc4 Qg5 12. d3 Qe7 13. Be3 b5 14. Na5 Rd8 15.
Nxc6 Qd7 16. Nxe5 Qd6 17. Qxf7# 1-0

[Event "DVM U10 2014"]
[Site "Magdeburg GER"]
[Date "2014.12.27"]
[Round "2"]
[White "Kronhardt, Simon"]
[Black "Kögler, Lukas"]
[Result "1-0"]
[Termination "normal"]
[Board "22.4"]
[WhiteElo "600"]
[BlackElo "775"]
[WhiteTeam "SK Langen"]
[BlackTeam "SF Hettstedt"]
[PlyCount "51"]
[EventCountry "GER"]
[EventRounds "7"]
[EventType "team-swiss"]
[EventDate "2014.12.27"]

1. d4 d5 2. Nc3 e6 3. Nf3 Nf6 4. e4 Nc6 5. exd5 exd5 6. Bb5 Be7 7. Bg5 Bg4 8.
Bxf6 Bxf6 9. Qe2+ Be7 10. h3 Bf5 11. Nh4 Bxc2 12. Qxc2 O-O 13. Bd3 Nb4 14. Qe2
Bxh4 15. Bb1 Re8 16. Ne4 Rxe4 17. Bxe4 dxe4 18. Qxe4 Nd5 19. Qg4 Nf6 20. Qxh4
Ne4 21. O-O Qxd4 22. Rad1 Qxb2 23. Rfe1 Qc2 24. Qf4 Rc8 25. Rc1 Qxa2 26. Rxc7 {
nicht mehr nachvollziehbar [Sb6]} 1-0

[Event "DVM U10 2014"]
[Site "Magdeburg GER"]
[Date "2014.12.27"]
[Round "2"]
[White "Kröger, Tim"]
[Black "Ho, Ngoc Hai-Dang"]
[Result "1/2-1/2"]
[Termination "normal"]
[Board "23.1"]
[WhiteElo "1076"]
[BlackElo "974"]
[WhiteTeam "SG Bünde"]
[BlackTeam "Schachunion Berlin 2"]
[PlyCount "57"]
[WhiteFideId "16241207"]
[BlackFideId "16206509"]
[EventCountry "GER"]
[EventRounds "7"]
[EventType "team-swiss"]
[EventDate "2014.12.27"]

1. e4 e5 2. Nf3 Nc6 3. Bc4 Bc5 4. c3 Nge7 5. d4 exd4 6. cxd4 Bb4+ 7. Nc3 d5 8.
exd5 Nxd5 9. Bxd5 Qxd5 10. O-O Bxc3 11. bxc3 O-O 12. Ng5 h6 13. Nh3 Re8 14. Qd3
Bf5 15. Qg3 Qd6 16. Bf4 Qg6 17. Qxg6 Bxg6 18. Bxc7 Rac8 19. Bf4 Na5 20. f3 Rxc3
21. Bd2 Rd3 22. Bxa5 Rxd4 23. Bc3 Rc4 24. Rac1 Re3 25. Ba5 Rxc1 26. Rxc1 Ra3
27. Ng5 hxg5 28. Rc8+ Kh7 29. Bb4 1/2-1/2

[Event "DVM U10 2014"]
[Site "Magdeburg GER"]
[Date "2014.12.27"]
[Round "2"]
[White "Landgraf, Arthur"]
[Black "Dropp, Silvana"]
[Result "1-0"]
[Termination "normal"]
[Board "23.2"]
[WhiteElo "797"]
[BlackElo "865"]
[WhiteTeam "Schachunion Berlin 2"]
[BlackTeam "SG Bünde"]
[PlyCount "51"]
[EventCountry "GER"]
[EventRounds "7"]
[EventType "team-swiss"]
[EventDate "2014.12.27"]

1. e4 e5 2. Nf3 Bc5 3. Nxe5 Qf6 4. d4 Bb4+ 5. Nc3 d6 6. Ng4 Qe7 7. a3 Bxc3+ 8.
bxc3 Nf6 9. Nxf6+ gxf6 10. Qe2 h5 11. Bf4 Bg4 12. f3 Bd7 13. e5 Nc6 14. exd6
cxd6 15. Bxd6 Qxe2+ 16. Bxe2 Rg8 17. O-O Bf5 18. Bd3 Bxd3 19. cxd3 Kd7 20. Bf4
Rg7 21. Rab1 Rag8 22. g3 h4 23. g4 f5 24. Rxb7+ Ke6 25. Re1+ Kd5 26. Rd7# 1-0

[Event "DVM U10 2014"]
[Site "Magdeburg GER"]
[Date "2014.12.27"]
[Round "2"]
[White "Budde, Malte"]
[Black "Kessen, Laila"]
[Result "1-0"]
[Termination "normal"]
[Board "23.3"]
[WhiteElo "785"]
[BlackElo "600"]
[WhiteTeam "SG Bünde"]
[BlackTeam "Schachunion Berlin 2"]
[PlyCount "82"]
[EventCountry "GER"]
[EventRounds "7"]
[EventType "team-swiss"]
[EventDate "2014.12.27"]

1. e4 e5 2. Nf3 Nc6 3. Bc4 Nh6 4. d3 Bc5 5. Bg5 Be7 6. O-O O-O 7. Nc3 Bxg5 8.
Nxg5 Qxg5 9. Nd5 Re8 10. Nxc7 Re7 11. Nxa8 d5 12. Bxd5 b6 13. Bxc6 Re6 14. Bd5
Rg6 15. g3 Bg4 16. f3 Bh3 17. f4 exf4 18. Rf2 fxg3 19. Rxf7 Nxf7 20. Qf1 h5 21.
Qxf7+ Kh7 22. Nc7 Qf6 23. Qxf6 Rxf6 24. e5 Rf5 25. Re1 a5 26. e6 Rf2 27. e7
Rxh2 28. e8=Q Rxc2 29. Re2 Rxe2 30. Qxe2 g2 31. Bc6 b5 32. Qxh5+ Kg8 33. Qxh3
Kf8 34. d4 Ke7 35. Qd3 Kd6 36. Nxb5+ Kxc6 37. d5+ Kb6 38. d6 Kb7 39. d7 a4 40.
Na3 Ka7 41. Qd6 Kb7 1-0

[Event "DVM U10 2014"]
[Site "Magdeburg GER"]
[Date "2014.12.27"]
[Round "2"]
[White "Phong Nguyen, Tung"]
[Black "Wick, Jannis"]
[Result "1-0"]
[Termination "normal"]
[Board "23.4"]
[WhiteElo "600"]
[BlackElo "600"]
[WhiteTeam "Schachunion Berlin 2"]
[BlackTeam "SG Bünde"]
[PlyCount "47"]
[EventCountry "GER"]
[EventRounds "7"]
[EventType "team-swiss"]
[EventDate "2014.12.27"]

1. e4 e5 2. Nf3 Nc6 3. Bc4 d6 4. Ng5 f6 5. Nf7 Qd7 6. Nxh8 Qg4 7. Qxg4 Bxg4 8.
O-O Nd4 9. Bf7+ Kd7 10. Nc3 Ne2+ 11. Nxe2 Bxe2 12. Re1 Bg4 13. f3 Be6 14. Bxe6+
Kxe6 15. d3 b5 16. a4 bxa4 17. Rxa4 c5 18. c3 f5 19. d4 cxd4 20. cxd4 exd4 21.
Rxd4 Be7 22. exf5+ Kxf5 23. g3 Nf6 24. g4+ {Nicht mehr nachvollziehbar [Kg5]}
1-0

[Event "DVM U10 2014"]
[Site "Magdeburg GER"]
[Date "2014.12.27"]
[Round "2"]
[White "Currenti, Gianluca"]
[Black "Voß, Torben"]
[Result "0-1"]
[Termination "normal"]
[Board "24.1"]
[WhiteElo "849"]
[BlackElo "1025"]
[WhiteTeam "Schachzwerge Magdeburg 3"]
[BlackTeam "Schachzwerge Magdeburg 2"]
[PlyCount "66"]
[EventCountry "GER"]
[EventRounds "7"]
[EventType "team-swiss"]
[EventDate "2014.12.27"]

1. e4 e5 2. Nf3 Nc6 3. Bc4 Nf6 4. d3 d6 5. Nc3 Bg4 6. Bg5 Nd4 7. h3 Bxf3 8.
gxf3 h6 9. Be3 Be7 10. f4 Nc6 11. Qf3 Qd7 12. O-O-O a6 13. fxe5 dxe5 14. Rhg1
b5 15. Bd5 O-O 16. Qg2 Nh5 17. Qf3 Nf4 18. h4 Nxd5 19. Qg2 Bf6 20. exd5 Ne7 21.
Ne4 Qf5 22. Nxf6+ Qxf6 23. Bg5 hxg5 24. hxg5 Qf4+ 25. Rd2 Ng6 26. Rh1 Rfd8 27.
Rh5 Kf8 28. Qh1 Rab8 29. a3 b4 30. a4 b3 31. c3 Qxa4 32. Kd1 Qg4+ 33. Ke1 Rb6 {
nich mehr nachvollziehbar} 0-1

[Event "DVM U10 2014"]
[Site "Magdeburg GER"]
[Date "2014.12.27"]
[Round "2"]
[White "Unger, Matti"]
[Black "Weber, Willi"]
[Result "1-0"]
[Termination "normal"]
[Board "24.2"]
[WhiteElo "892"]
[BlackElo "749"]
[WhiteTeam "Schachzwerge Magdeburg 2"]
[BlackTeam "Schachzwerge Magdeburg 3"]
[PlyCount "85"]
[EventCountry "GER"]
[EventRounds "7"]
[EventType "team-swiss"]
[EventDate "2014.12.27"]

1. e4 e5 2. Nf3 Nc6 3. Bc4 Bc5 4. c3 Bb6 5. d4 exd4 6. cxd4 Nf6 7. Nc3 d6 8.
O-O Bg4 9. Bg5 O-O 10. Nd5 Nxd5 11. Bxd8 Raxd8 12. Bxd5 Bxd4 13. Bxc6 Bc5 14.
Bxb7 Rb8 15. Bd5 Rbc8 16. Qd3 c6 17. Bc4 Rb8 18. Rab1 Rfd8 19. Nd4 d5 20. exd5
cxd5 21. Bb5 Re8 22. Bxe8 Rxe8 23. Nc6 Re4 24. Rfe1 Bf5 25. Qb3 Bd6 26. Rxe4
Bxe4 27. Rc1 h6 28. f3 Bf5 29. Nxa7 Bf4 30. Rc5 Bb1 31. Rxd5 Bg5 32. Rd1 Bf5
33. Nc6 Be6 34. Qb8+ Kh7 35. Qb5 Bxa2 36. b3 Be3+ 37. Kf1 f6 38. Ra1 Bxb3 39.
Qxb3 Bc5 40. Qd3+ g6 41. Qd7+ Kh8 42. Ra8+ Bf8 43. Rxf8# 1-0